| 000 | 00607nam a22002177a 4500 | ||
|---|---|---|---|
| 999 |
_c6464 _d6464 |
||
| 001 | 6464 | ||
| 003 | BD-JhCC | ||
| 005 | 20180123174032.0 | ||
| 008 | 180123b xxu||||| |||| 00| 0 eng d | ||
| 035 | _a(BD-JhCC)6464 | ||
| 040 |
_aBD-JhCC _dBD-JhCC |
||
| 041 | _aeng | ||
| 082 |
_a370.1523 _bRAH 2015 |
||
| 100 | _aRahman Mahbubur | ||
| 245 |
_aInformation and Communication Technology : _bFor Class - 11 -12 / _cMahbubur Rahman |
||
| 260 |
_aDhaka : _bsystech Publications Limited, _c2015. |
||
| 300 |
_a360 p. : _bills; _c24 cm. |
||
| 650 | _aComputer and literacy | ||
| 942 |
_2ddc _cBK |
||